La Luna : Un paso gigantesco en la geología /

Guardado en:
Autor Corporativo: Videopedia Britannica.
Formato: Deslizar
Materias:
Etiquetas: Agregar Etiqueta
Sin Etiquetas, Sea el primero en etiquetar este registro!
LEADER 00785ngm a22002295g 4500
001 CEM.cems021680
008 130507b199?##################0###0#####d
005 20240903170631.0
245 1 0 |a La Luna :  |b Un paso gigantesco en la geología /  |c Videopedia Britannica. 
300 |a 24 
500 |a En soporte VHS, consultar en ventanilla. 
538 |a Soporte: VHS - Norma: Pal N - Color - Compra CEMS - Hitachi=0910 
505 0 |a Estudio y clasificación geológica de la Luna. Estudios sobre rocas lunares. 
110 2 |a Videopedia Britannica. 
082 5 2 |/ VID 
653 |a ASTRONOMIA 
653 |a GEOLOGIA 
653 |a SATELITES 
653 |a LUNA 
653 |a ROCAS LUNARES 
653 |a NIVEL SECUNDARIO 
859 |a CEMS  |b BIB. CEMS - Depto. Recursos Didacticos  |h 520  |i VID  |k DRD  |p 323.12  |t Ej.1